| 000 -LEADER |
| fixed length control field |
01993cam a2200397 a 4500 |
| 001 - CONTROL NUMBER |
| control field |
14006448 |
| 005 - DATE AND TIME OF LATEST TRANSACTION |
| control field |
20170105102843.0 |
| 008 - FIXED-LENGTH DATA ELEMENTS--GENERAL INFORMATION |
| fixed length control field |
050617s2005 nyu b 001 0 eng |
| 010 ## - LIBRARY OF CONGRESS CONTROL NUMBER |
| LC control number |
2005017513 |
| 020 ## - INTERNATIONAL STANDARD BOOK NUMBER |
| International Standard Book Number |
0415975212 (acidfree paper) |
| 040 ## - CATALOGING SOURCE |
| Original cataloging agency |
DLC |
| Transcribing agency |
DLC |
| Modifying agency |
DLC |
| 043 ## - GEOGRAPHIC AREA CODE |
| Geographic area code |
a-ii--- |
| 050 00 - LIBRARY OF CONGRESS CALL NUMBER |
| Classification number |
PR9492.6.N38 |
| Item number |
K47 2005 |
| 082 00 - DEWEY DECIMAL CLASSIFICATION NUMBER |
| Classification number |
823.9109358 |
| Edition number |
22 |
| 100 1# - MAIN ENTRY--PERSONAL NAME |
| Personal name |
Khan, Nyla Ali, |
| Dates associated with a name |
1972- |
| 245 14 - TITLE STATEMENT |
| Title |
The fiction of nationality in an era of transnationalism / |
| Statement of responsibility, etc. |
Nyla Ali Khan. |
| 260 ## - PUBLICATION, DISTRIBUTION, ETC. |
| Place of publication, distribution, etc. |
New York ; |
| -- |
London : |
| Name of publisher, distributor, etc. |
Routledge, |
| Date of publication, distribution, etc. |
2005. |
| 300 ## - PHYSICAL DESCRIPTION |
| Extent |
vii, 132 p. ; |
| Dimensions |
24 cm. |
| 440 #0 - SERIES STATEMENT/ADDED ENTRY--TITLE |
| Title |
Literary criticism and cultural theory |
| 504 ## - BIBLIOGRAPHY, ETC. NOTE |
| Bibliography, etc. note |
Includes bibliographical references (p. 115-122) and index. |
| 505 0# - FORMATTED CONTENTS NOTE |
| Formatted contents note |
Transporting the subject: the fiction of nationality in an era of transnationalism -- World borders, political borders in Naipaul's Among the believers -- Transnationalism as hybridization in Rushdie's Satanic verses -- Citizenship in a transnational age: culture and politics in Ghosh's The shadow lines -- Place and the politics of identity in Desai's In custody. |
| 600 10 - SUBJECT ADDED ENTRY--PERSONAL NAME |
| Personal name |
Naipaul, V. S. |
| Fuller form of name |
(Vidiadhar Surajprasad), |
| Dates associated with a name |
1932- |
| Title of a work |
Among the believers. |
| 600 10 - SUBJECT ADDED ENTRY--PERSONAL NAME |
| Personal name |
Desai, Anita, |
| Dates associated with a name |
1937- |
| Title of a work |
In custody. |
| 600 10 - SUBJECT ADDED ENTRY--PERSONAL NAME |
| Personal name |
Rushdie, Salman. |
| Title of a work |
Satanic verses. |
| 600 10 - SUBJECT ADDED ENTRY--PERSONAL NAME |
| Personal name |
Ghosh, Amitav. |
| Title of a work |
Shadow lines. |
| 650 #0 - SUBJECT ADDED ENTRY--TOPICAL TERM |
| Topical term or geographic name entry element |
Indic fiction (English) |
| General subdivision |
History and criticism. |
| 650 #0 - SUBJECT ADDED ENTRY--TOPICAL TERM |
| Topical term or geographic name entry element |
Nationalism and literature |
| Geographic subdivision |
English-speaking countries. |
| 650 #0 - SUBJECT ADDED ENTRY--TOPICAL TERM |
| Topical term or geographic name entry element |
East Indians |
| Geographic subdivision |
Foreign countries |
| General subdivision |
Intellectual life. |
| 650 #0 - SUBJECT ADDED ENTRY--TOPICAL TERM |
| Topical term or geographic name entry element |
Transnationalism. |
| 650 #0 - SUBJECT ADDED ENTRY--TOPICAL TERM |
| Topical term or geographic name entry element |
Globalization in literature. |
| 856 41 - ELECTRONIC LOCATION AND ACCESS |
| Materials specified |
Table of contents only |
| Uniform Resource Identifier |
<a href="http://www.loc.gov/catdir/toc/ecip0514/2005017513.html">http://www.loc.gov/catdir/toc/ecip0514/2005017513.html</a> |
| 856 42 - ELECTRONIC LOCATION AND ACCESS |
| Materials specified |
Publisher description |
| Uniform Resource Identifier |
<a href="http://www.loc.gov/catdir/enhancements/fy0668/2005017513-d.html">http://www.loc.gov/catdir/enhancements/fy0668/2005017513-d.html</a> |
| 906 ## - LOCAL DATA ELEMENT F, LDF (RLIN) |
| a |
7 |
| b |
cbc |
| c |
orignew |
| d |
1 |
| e |
ecip |
| f |
20 |
| g |
y-gencatlg |
| 942 ## - ADDED ENTRY ELEMENTS (KOHA) |
| Source of classification or shelving scheme |
|
| Koha item type |
Book |